00371nam a22001097a 4500008004100000082001800041100000900059245012400068260005500192300000800247440000600255230602b xxu||||| |||| 00| 0 eng d a305.6762bSID d2006 aReadings on Inequality in KenyabSectoral Dynamics and PerspectivescSociety for International Development, East Africa aKenyabSociety for International Developmentc2006 a408 v1